Statistiche per Quiz sulla Bielorussia

Clicka qui per fare il quiz!

Statistiche generali

  • Questo quiz è stato fatto 642 volte
  • Il punteggio medio è 12 su 17

Statistiche sulle risposte

DomandaRisposta% Corretto
Lingue ufficialiRusso
99%
CapitaleMinsk
97%
Paese che si trova al confine meridionale della BielorussiaUcraina
91%
Stato dal quale la Bielorussia ha ottenuto l'indipendenza nel 1990Unione Sovietica
91%
Lingue ufficialiBielorusso
87%
Alfabeto usato in BielorussiaCirillico
86%
Corrente del cristianesimo praticata dal 48,3% della popolazioneOrtodossia
81%
Circa il 20% dei terreni agricoli della Bielorussia è stato contaminato da questo disastro nel 1986Chernobyl
79%
A causa della sua relativa mancanza di libertà, la Bielorussia viene talvolta descritta come...L'ultima
{dittatura}
in Europa
71%
Il 25,3% della popolazione della Bielorussia è stata uccisa durante questo conflittoSeconda guerra mondiale
69%
La Bielorussia è l'unico paese in Europa che non ha abolito (o posto delle restrizioni)
su questa pratica controversa
Pena capitale
68%
ValutaRublo
68%
Vecchio nome della BielorussiaRussia {Bianca}
68%
Primo e unico presidente della Bielorussia, in carica dal '94Aljaksandr Lukašėnka
57%
Il secondo sport più popolare dopo il calcioHockey su ghiaccio
52%
Nomina uno dei tre principali fiumi che scorrono attraverso il PaeseNemunas | Pryp"jat' |
Dnepr
34%
Animale simbolo del PaeseBisonte
19%

Distribuzione punteggi

Percentile per numero di risposta

Percentuale di utenti per punteggio

I tuoi punteggi nel tempo

Non hai fatto questo quiz